[Event "Udine Oro Caffe op 3rd"]
[Site "Udine"]
[Date "2010.07.11"]
[Round "7"]
[White "Procacci, Sergio"]
[Black "Capizzi, Biagio"]
[Result "0-1"]
[WhiteElo "2043"]
[BlackElo "1824"]
[PlyCount "128"]
[EventDate "2010.07.05"]
[EventType "swiss"]
[EventRounds "7"]
[EventCountry "ITA"]
[SourceTitle "EXT 2024"]
[Source "ChessBase"]
[SourceDate "2023.10.10"]
[SourceVersion "1"]
[SourceVersionDate "2023.10.10"]
[SourceQuality "1"]

1. e4 c5 2. b4 cxb4 3. a3 Nc6 4. axb4 Nxb4 5. c3 Nc6 6. d4 d5 7. e5 e6 8. Ba3 Nge7 9. Bd3 g6 10. Ne2 Bg7 11. Bd6 Bd7 12. Nd2 Na5 13. Bxe7 Kxe7 14. Qc1 Ke8 15. Qa3 b6 16. 0-0 Bf8 17. Qa2 Be7 18. Nf3 Qc7 19. Qd2 Nb3 20. Qh6 Bf8 21. Qf4 Nxa1 22. Qf6 Rg8 23. Ng5 Rg7 24. Rxa1 Qd8 25. Qf4 Be7 26. Nh3 b5 27. Ra6 Qc8 28. Ra5 Qc7 29. Ra1 a5 30. f3 a4 31. Nf2 h5 32. Qh6 Bf8 33. g4 Qd8 34. Qe3 Bc6 35. Kh1 Be7 36. Qh6 Rg8 37. Qh7 Kd7 38. Qxf7 Qf8 39. Qxf8 Raxf8 40. Kg2 a3 41. h3 Ra8 42. Nc1 b4 43. cxb4 Bxb4 44. Na2 Bd2 45. Rd1 Be3 46. Bb1 Bb5 47. Nb4 Bc4 48. Ba2 Rgb8 49. Nfd3 Bxd3 50. Nxd3 Bxd4 51. Kg3 Rc8 52. Kf4 Ke7 53. Kg5 hxg4 54. hxg4 Kf7 55. Rh1 Rh8 56. Rc1 Rac8 57. Rb1 Rc7 58. Rb4 Be3+ 59. f4 Rh2 60. Nc1 Bxc1 61. Bb1 a2 62. Bxg6+ Kg7 63. Ra4 Rcc2 64. Ra8 Bxf4+ 0-1

[Event "Udine Oro Caffe op 3rd"]
[Site "Udine"]
[Date "2010.07.06"]
[Round "2"]
[White "Degano, Emanuele"]
[Black "Capizzi, Biagio"]
[Result "0-1"]
[WhiteElo "1614"]
[BlackElo "1824"]
[PlyCount "125"]
[EventDate "2010.07.05"]
[EventType "swiss"]
[EventRounds "7"]
[EventCountry "ITA"]
[SourceTitle "EXT 2024"]
[Source "ChessBase"]
[SourceDate "2023.10.10"]
[SourceVersion "1"]
[SourceVersionDate "2023.10.10"]
[SourceQuality "1"]

1. e4 c5 2. Nf3 d6 3. d4 cxd4 4. Nxd4 Nf6 5. Nc3 g6 6. f3 Bg7 7. Be3 0-0 8. Qd2 Nc6 9. 0-0-0 d5 10. Bh6 dxe4 11. Bxg7 Kxg7 12. Nxc6 Qxd2+ 13. Rxd2 bxc6 14. Nxe4 Nxe4 15. fxe4 Be6 16. b3 Rab8 17. Be2 Rb6 18. Rhd1 Rfb8 19. Rd4 R8b7 20. Ra4 Rc7 21. Bc4 Bd7 22. Ra6 Rb4 23. a3 Rb8 24. e5 Bf5 25. Rf1 e6 26. Rf2 Be4 27. Re2 Bd5 28. Bxd5 cxd5 29. Kd2 Rbc8 30. Kd3 Rc3+ 31. Kd2 Rxc2+ 32. Ke1 R2c7 33. b4 Rb7 34. Rb2 Rc3 35. b5 Re3+ 36. Re2 Rb3 37. a4 Rc3 38. Kd2 Rc4 39. Kd3 Kf8 40. Rb2 Ke7 41. a5 Ra4 42. b6 axb6 43. Raxb6 Ra3+ 44. Kd4 Ra4+ 45. Kc3 Rc7+ 46. Kd3 Rxa5 47. Rb7 Ra7 48. Rb8 Ra3+ 49. Ke2 Rac3 50. R8b7 Rc2+ 51. Rxc2 Rxb7 52. h3 Kd7 53. Ra2 Kc6 54. Rc2+ Kd7 55. Ra2 Kc7 56. Rc2+ Kb8 57. Kd3 Rb4 58. Rf2 Rb7 59. Kd4 Kc8 60. Kc5 Kd8 61. Rf4 h5 62. g4 hxg4 63. Rxg4 0-1

[Event "Udine Oro Caffe op 3rd"]
[Site "Udine"]
[Date "2010.07.05"]
[Round "1"]
[White "Capizzi, Biagio"]
[Black "De Poi, Paolo"]
[Result "0-1"]
[WhiteElo "1824"]
[BlackElo "2198"]
[PlyCount "40"]
[EventDate "2010.07.05"]
[EventType "swiss"]
[EventRounds "7"]
[EventCountry "ITA"]
[SourceTitle "EXT 2024"]
[Source "ChessBase"]
[SourceDate "2023.10.10"]
[SourceVersion "1"]
[SourceVersionDate "2023.10.10"]
[SourceQuality "1"]

1. d4 Nf6 2. c4 e6 3. Nf3 c5 4. e3 cxd4 5. exd4 d5 6. Nc3 Nc6 7. Bg5 Be7 8. Rc1 0-0 9. a3 a6 10. Bh4 dxc4 11. Bxc4 b5 12. Bd3 Bb7 13. b4 Rc8 14. Bb1 g6 15. Qd3 Nh5 16. Bg3 Bf6 17. Be5 Nxe5 18. Nxe5 Nf4 19. Qg3 Qxd4 20. Ng4 Bg5 0-1

[Event "Udine Oro Caffe op 2nd"]
[Site "Udine"]
[Date "2009.07.07"]
[Round "2"]
[White "Del Forno Sinicco, Michele"]
[Black "Capizzi, Biagio"]
[Result "0-1"]
[WhiteElo "1535"]
[BlackElo "1849"]
[PlyCount "78"]
[EventDate "2009.07.06"]
[EventType "swiss"]
[EventRounds "7"]
[EventCountry "ITA"]
[SourceTitle "EXT 2011"]
[Source "ChessBase"]
[SourceDate "2010.11.26"]
[SourceVersion "1"]
[SourceVersionDate "2010.11.26"]
[SourceQuality "1"]

1. Nf3 d5 2. d4 Nf6 3. Bf4 e6 4. e3 Be7 5. c4 c6 6. Nc3 0-0 7. c5 Nbd7 8. b4 Ne4 9. Nxe4 dxe4 10. Ne5 Nf6 11. Be2 Nd5 12. Qb3 a5 13. b5 a4 14. Qc2 Qa5+ 15. Qd2 cxb5 16. Qxa5 Rxa5 17. c6 f6 18. Nd7 Bxd7 19. cxd7 Rd8 20. 0-0 Rxd7 21. Rfc1 Kf7 22. Bg3 b4 23. f3 exf3 24. Bxf3 Nxe3 25. Rc7 Rxc7 26. Bxc7 Rb5 27. Be2 Rd5 28. Bb6 Rd6 29. Bc5 Rd5 30. Bf3 Rd7 31. Bb6 Nd5 32. Ba7 Bd6 33. Bxd5 exd5 34. Rc1 b5 35. Bc5 Rc7 36. Kf2 Bxc5 37. dxc5 Ke6 38. Ke3 Ke5 39. Kd3 d4 0-1

[Event "Udine Oro Caffe op 1st"]
[Site "Udine"]
[Date "2008.07.10"]
[Round "6"]
[White "Fantini, Marco"]
[Black "Capizzi, Biagio"]
[Result "1/2-1/2"]
[WhiteElo "2067"]
[BlackElo "1820"]
[PlyCount "58"]
[EventDate "2008.07.05"]
[EventType "swiss"]
[EventRounds "6"]
[EventCountry "ITA"]
[SourceTitle "EXT 2010"]
[Source "ChessBase"]
[SourceDate "2010.11.25"]
[SourceVersion "1"]
[SourceVersionDate "2010.11.25"]
[SourceQuality "1"]

1. d4 d5 2. Nc3 Nf6 3. Bg5 e6 4. e4 dxe4 5. Nxe4 Be7 6. Nxf6+ Bxf6 7. Bxf6 Qxf6 8. Nf3 0-0 9. Bd3 c5 10. 0-0 Nc6 11. dxc5 Qxb2 12. Ng5 h6 13. Qh5 Qe5 14. h4 f5 15. Rae1 Qf6 16. Nh3 e5 17. Rb1 Rb8 18. Rb3 Be6 19. Ra3 Qe7 20. Rc3 Qf6 21. Bc4 Nd4 22. Re1 Bf7 23. Kh1 Rbc8 24. Ng1 Bxc4 25. Rxc4 b6 26. Nf3 Nxf3 27. Qxf3 e4 28. Qb3 Qxh4+ 29. Kg1 Kh8 1/2-1/2

[Event "Udine Oro Caffe op 1st"]
[Site "Udine"]
[Date "2008.07.07"]
[Round "3"]
[White "Capizzi, Biagio"]
[Black "Del Forno Sinicco, Michele"]
[Result "1-0"]
[WhiteElo "1820"]
[BlackElo "1559"]
[PlyCount "67"]
[EventDate "2008.07.05"]
[EventType "swiss"]
[EventRounds "6"]
[EventCountry "ITA"]
[SourceTitle "EXT 2010"]
[Source "ChessBase"]
[SourceDate "2010.11.25"]
[SourceVersion "1"]
[SourceVersionDate "2010.11.25"]
[SourceQuality "1"]

1. d4 Nf6 2. c4 e6 3. Nc3 b6 4. e4 Bb4 5. Bd3 Bxc3+ 6. bxc3 Bb7 7. Qc2 c5 8. Nf3 d6 9. 0-0 Nbd7 10. Bg5 h6 11. Bh4 g5 12. Bg3 Qc7 13. Qe2 e5 14. Rfe1 0-0-0 15. d5 Rdg8 16. a4 h5 17. h4 g4 18. Nd2 a5 19. Rab1 Kb8 20. Rb2 Ka7 21. Reb1 Rb8 22. Nf1 Ne8 23. Qd2 f6 24. Ne3 Ng7 25. Rb3 Ba6 26. Nc2 f5 27. exf5 Nxf5 28. Bxf5 Bxc4 29. R3b2 b5 30. Ne3 Nf6 31. axb5 Bxd5 32. Nxd5 Nxd5 33. Qxd5 Rb6 34. Ra1 1-0

[Event "Udine Oro Caffe op 1st"]
[Site "Udine"]
[Date "2008.07.05"]
[Round "1"]
[White "Capizzi, Biagio"]
[Black "Prelec, Fausto"]
[Result "1-0"]
[WhiteElo "1820"]
[BlackElo "1452"]
[PlyCount "65"]
[EventDate "2008.07.05"]
[EventType "swiss"]
[EventRounds "6"]
[EventCountry "ITA"]
[SourceTitle "EXT 2010"]
[Source "ChessBase"]
[SourceDate "2010.11.25"]
[SourceVersion "1"]
[SourceVersionDate "2010.11.25"]
[SourceQuality "1"]

1. d4 Nf6 2. c4 e6 3. Nc3 c6 4. Bg5 d5 5. Nf3 Be7 6. e3 Nbd7 7. cxd5 exd5 8. Bd3 h6 9. Bh4 0-0 10. Rc1 Re8 11. Bg3 Bb4 12. a3 Ba5 13. b4 Bc7 14. Bh4 Nf8 15. Bxf6 Qxf6 16. Nxd5 cxd5 17. Rxc7 Bg4 18. Be2 Ne6 19. Rxb7 Rac8 20. 0-0 Rc3 21. Rxa7 Rec8 22. Ne5 Rc1 23. Nxg4 Qg5 24. Qd2 R1c2 25. Qd1 Rc1 26. Qxc1 Rxc1 27. Rxc1 Nxd4 28. Rc8+ Kh7 29. exd4 Qd2 30. Bf1 Qxd4 31. Rxf7 Kg6 32. Rcc7 Qa1 33. Rxg7+ 1-0

[Event "Nova Gorica op-B 12th"]
[Site "Nova Gorica"]
[Date "2007.01.27"]
[Round "4"]
[White "Capizzi, Biagio"]
[Black "Omerzel, Nikola"]
[Result "1-0"]
[WhiteElo "1728"]
[BlackElo "1775"]
[PlyCount "89"]
[EventDate "2007.01.26"]
[EventType "swiss"]
[EventRounds "9"]
[EventCountry "SLO"]
[SourceTitle "CBM 116 Extra"]
[Source "ChessBase"]
[SourceDate "2007.03.07"]
[SourceVersion "1"]
[SourceVersionDate "2007.03.07"]
[SourceQuality "1"]

1. d4 d5 2. c4 e6 3. Nc3 Nf6 4. Bg5 Be7 5. Nf3 c6 6. e3 dxc4 7. Bxc4 Nbd7 8. Rc1 Nd5 9. Bxe7 Nxe7 10. Bd3 b6 11. Ne4 0-0 12. Bb1 Ba6 13. Qc2 Ng6 14. h4 f5 15. Neg5 Rf6 16. e4 Qe7 17. h5 Nf4 18. Qb3 h6 19. e5 Rff8 20. Nh3 Nxg2+ 21. Kd1 c5 22. Rg1 c4 23. Qc3 Nh4 24. Nf4 Nxf3 25. Qxf3 Rfd8 26. Ng6 Qf7 27. Qe3 Kh7 28. Ke1 Nf8 29. Rd1 Qd7 30. Bc2 Qd5 31. Nxf8+ Rxf8 32. Qg3 Rg8 33. Qe3 Qa5+ 34. Rd2 Rac8 35. Qc3 Qxc3 36. bxc3 Bb7 37. Rg6 Rce8 38. Rxe6 Rxe6 39. Bxf5+ Kh8 40. Bxe6 Rf8 41. Bg4 Be4 42. Be2 b5 43. d5 Kg8 44. e6 Rf5 45. d6 1-0

[Event "Nova Gorica op-B 11th"]
[Site "Nova Gorica"]
[Date "2006.02.01"]
[Round "9"]
[White "Capizzi, Biagio"]
[Black "Mirkovic, Nikola"]
[Result "1-0"]
[WhiteElo "1677"]
[BlackElo "1688"]
[PlyCount "73"]
[EventDate "2006.01.27"]
[EventType "swiss"]
[EventRounds "9"]
[EventCountry "SLO"]
[SourceTitle "CBM 110 Extra"]
[Source "ChessBase"]
[SourceDate "2006.03.10"]
[SourceVersion "2"]
[SourceVersionDate "2006.03.10"]
[SourceQuality "1"]

1. d4 d5 2. c4 c6 3. Nc3 Nf6 4. Nf3 a6 5. cxd5 cxd5 6. Bg5 e6 7. e3 Qa5 8. Bxf6 gxf6 9. a3 b5 10. Nd2 Nd7 11. Be2 Bd6 12. Bf3 f5 13. 0-0 Nf6 14. Rc1 Qd8 15. Nb3 Rg8 16. Nb1 Ng4 17. g3 Qg5 18. Bxg4 fxg4 19. Qc2 Bd7 20. Nc5 h5 21. Nxd7 Kxd7 22. Qc6+ Ke7 23. Nd2 h4 24. Kg2 hxg3 25. Qb7+ Kf6 26. fxg3+ Kg7 27. Qxf7+ Kh8 28. Qxe6 Rg6 29. Qf5 Be7 30. Rc7 Rag8 31. Qxg5 Bxg5 32. Re1 Re8 33. Nf1 Rf6 34. Rd7 Rc8 35. Rxd5 Rc2+ 36. Kg1 Rxb2 37. Rxg5 1-0

[Event "Nova Gorica op-B 11th"]
[Site "Nova Gorica"]
[Date "2006.01.29"]
[Round "4"]
[White "Grobovsek, Ivan"]
[Black "Capizzi, Biagio"]
[Result "1/2-1/2"]
[WhiteElo "2006"]
[BlackElo "1677"]
[PlyCount "66"]
[EventDate "2006.01.27"]
[EventType "swiss"]
[EventRounds "9"]
[EventCountry "SLO"]
[SourceTitle "CBM 110 Extra"]
[Source "ChessBase"]
[SourceDate "2006.03.10"]
[SourceVersion "2"]
[SourceVersionDate "2006.03.10"]
[SourceQuality "1"]

1. e4 c5 2. Nf3 d6 3. d4 cxd4 4. Nxd4 Nf6 5. Nc3 g6 6. Be3 Bg7 7. Qd2 0-0 8. f3 Nc6 9. Nb3 Be6 10. 0-0-0 Rc8 11. Bh6 Ne5 12. Bxg7 Kxg7 13. Kb1 Nc4 14. Bxc4 Bxc4 15. g4 b5 16. h4 a5 17. h5 b4 18. Nd5 Bxd5 19. exd5 Rh8 20. h6+ Kf8 21. g5 Nd7 22. Nd4 Nc5 23. Rhe1 Qc7 24. f4 Re8 25. f5 Nd7 26. fxg6 hxg6 27. Rf1 Kg8 28. Rf2 Ne5 29. Rdf1 Rh7 30. Re2 Qb7 31. Nf3 Nd7 32. Qf4 Qxd5 33. Rd2 Qb7 1/2-1/2

[Event "Nova Gorica op-B 11th"]
[Site "Nova Gorica"]
[Date "2006.01.27"]
[Round "1"]
[White "Capizzi, Biagio"]
[Black "Fantini, Marco"]
[Result "1/2-1/2"]
[WhiteElo "1677"]
[BlackElo "2062"]
[PlyCount "60"]
[EventDate "2006.01.27"]
[EventType "swiss"]
[EventRounds "9"]
[EventCountry "SLO"]
[SourceTitle "CBM 110 Extra"]
[Source "ChessBase"]
[SourceDate "2006.03.10"]
[SourceVersion "2"]
[SourceVersionDate "2006.03.10"]
[SourceQuality "1"]

1. d4 d5 2. c4 Nc6 3. Nf3 e5 4. dxe5 d4 5. e3 Bb4+ 6. Bd2 dxe3 7. Bxb4 exf2+ 8. Ke2 Qxd1+ 9. Kxd1 Nxb4 10. Nc3 Bf5 11. a3 0-0-0+ 12. Ke2 Nd3 13. b4 Nh6 14. h3 Rhe8 15. Ke3 Nxe5 16. Kxf2 Nxf3 17. Kxf3 Bd3 18. Rd1 Be4+ 19. Kf2 Bc2 20. Rd5 Nf5 21. Be2 c6 22. Rxd8+ Rxd8 23. Rc1 Nd6 24. Nd1 Bxd1 25. Bxd1 Re8 26. Be2 f5 27. Rc3 f4 28. Kf3 Rf8 29. g3 g5 30. gxf4 gxf4 1/2-1/2

[Event "Pedavena op-B 1st"]
[Site "Pedavena"]
[Date "2005.08.06"]
[Round "6"]
[White "Tonus, Alex"]
[Black "Capizzi, Biagio"]
[Result "1-0"]
[WhiteElo "1702"]
[BlackElo "1578"]
[PlyCount "53"]
[EventDate "2005.08.03"]
[EventType "swiss"]
[EventRounds "6"]
[EventCountry "ITA"]
[SourceTitle "EXT 2023"]
[Source "ChessBase"]
[SourceDate "2022.10.05"]
[SourceVersion "1"]
[SourceVersionDate "2022.10.05"]
[SourceQuality "1"]

1. e4 c5 2. Nf3 d6 3. d4 cxd4 4. Nxd4 Nf6 5. Nc3 g6 6. Be3 Bg7 7. f3 Nc6 8. Qd2 0-0 9. Bc4 Bd7 10. h4 h5 11. 0-0-0 Rc8 12. Bb3 Ne5 13. Bh6 Nc4 14. Bxc4 Rxc4 15. Bxg7 Kxg7 16. g4 Qa5 17. Nb3 Qc7 18. gxh5 Nxh5 19. Rhg1 Kh7 20. Nd5 Qd8 21. Nf4 Rg8 22. Nxh5 gxh5 23. Qd5 Rxg1 24. Qxh5+ Kg7 25. Rxg1+ Kf6 26. Qg5+ Ke6 27. Qf5# 1-0

[Event "ITA-ch U12"]
[Site "Cortina d'Ampezzo"]
[Date "2005.07.08"]
[Round "8"]
[White "Perrone, Davide"]
[Black "Capizzi, Biagio"]
[Result "1/2-1/2"]
[WhiteElo "1491"]
[BlackElo "1578"]
[PlyCount "65"]
[EventDate "2005.07.03"]
[EventType "swiss"]
[EventRounds "9"]
[EventCountry "ITA"]
[SourceTitle "EXT 2024"]
[Source "ChessBase"]
[SourceDate "2023.10.10"]
[SourceVersion "1"]
[SourceVersionDate "2023.10.10"]
[SourceQuality "1"]

1. e4 c5 2. Nf3 d6 3. d4 cxd4 4. Nxd4 Nf6 5. Nc3 g6 6. Be3 Bg7 7. Bc4 Nc6 8. Qd2 0-0 9. f3 Bd7 10. g4 a6 11. h4 b5 12. Bb3 Ne5 13. h5 Nc4 14. Bxc4 bxc4 15. hxg6 fxg6 16. Bh6 Rf7 17. 0-0-0 Rb8 18. Rh4 Qb6 19. b3 a5 20. Rdh1 cxb3 21. cxb3 Nxe4 22. fxe4 Qxd4 23. Bxg7 Qxd2+ 24. Kxd2 Rxg7 25. g5 Bc6 26. Rf1 Rf8 27. Rxf8+ Kxf8 28. Rf4+ Rf7 29. Rh4 Ke8 30. Ke3 Kd7 31. a3 Kc7 32. Kd3 Kb6 33. Kc4 1/2-1/2